Statistics for My Top 100 Artists by Their Top Song

Click here to take the quiz!

General Stats

  • This quiz has been taken 33 times
  • The average score is 39 of 100

Answer Stats

PositionTop SongBand% Correct
14.Smells Like Teen SpiritNirvana
94%
78.Take On MeA-Ha
88%
57.Dancing QueenABBA
84%
12.Here Comes the SunThe Beatles
84%
98.AfricaTOTO
84%
71.WonderwallOasis
81%
23.Don't Stop Me NowQueen
78%
49.Losing My ReligionR.E.M
75%
17.Mr. BrightsideThe Killers
75%
66.Uptown GirlBilly Joel
69%
89.Sultans of SwingDire Straits
69%
28.EverlongFoo Fighters
69%
8.CreepRadiohead
69%
75.Bitter Sweet SymphonyThe Verve
69%
48.Dancing In The DarkBruce Springsteen
66%
59.Seven Nation ArmyThe White Stripes
66%
61.Call MeBlondie
63%
32.Basket CaseGreen Day
63%
50.Should I Stay or Should I GoThe Clash
63%
51.Song 2Blur
59%
27.Feel Good Inc.Gorillaz
59%
63.Running Up That Hill (A Deal With God)Kate Bush
59%
46.West End GirlsPet Shop Boys
59%
24.Everybody Wants to Rule the WorldTears for Fears
59%
95.LingerThe Cranberries
59%
92.IronicAlanis Morissette
56%
31.All the Small ThingsBlink-182
56%
20.Get LuckyDaft Punk
56%
15.Hungry Like the WolfDuran Duran
56%
60.DreamsFleetwood Mac
56%
41.StarmanDavid Bowie
53%
40.Take Me OutFranz Ferdinand
53%
13.Killing in the NameRage Against the Machine
53%
22.Psycho KillerTalking Heads
53%
38.Wouldn't It Be NiceThe Beach Boys
53%
45.SabotageBeastie Boys
50%
21.Enjoy the SilenceDepeche Mode
50%
97.Where Is My Mind?Pixies
50%
74.My Sweet LordGeorge Harrison
47%
30.There Is a Light That Never Goes OutThe Smiths
47%
39.I Wanna Be YoursArctic Monkeys
44%
86.Eyes Without A FaceBilly Idol
44%
2.CenturiesFall Out Boy
44%
58.She Drives Me CrazyFine Young Cannibals
44%
84.The Power of LoveHuey Lewis and the News
44%
85.Have You Ever Seen the RainCreedence Clearwater Revival
41%
33.Boys Don't CryThe Cure
41%
44.Love Will Tear Us ApartJoy Division
38%
56.Electric FeelMGMT
38%
9.Supermassive Black HoleMuse
38%
42.Blue MondayNew Order
38%
10.CloserNine Inch Nails
38%
25.Common PeoplePulp
38%
3.The Adults are TalkingThe Strokes
38%
77.You Make My Dreams (Come True)Daryl Hall & John Oates
34%
1.Mary on a CrossGhost
34%
79.RubyKaiser Chiefs
34%
94.The Less I Know The BetterTame Impala
34%
91.Golden BrownThe Stranglers
34%
37.Island in the SunWeezer
34%
93.Holiday in CambodiaDead Kennedys
31%
6.TeenagersMy Chemical Romance
31%
62.No One KnowsQueens of the Stone Age
31%
73.DriveThe Cars
31%
88.Don't Dream It's OverCrowded House
25%
99.Sound of the UndergroundGirls Aloud
25%
76.Enola GayOrchestral Manoeuvres in the Dark
25%
35.Hate To Say I Told You SoThe Hives
25%
81.Lucretia My ReflectionSisters of Mercy
22%
64.This Town Ain't Big Enough For Both of UsSparks
22%
82.Hold Me NowThompson Twins
22%
19.Dear Maria, Count Me InAll Time Low
19%
26.Can You Feel My HeartBring Me The Horizon
19%
4.Please, Please, Please Let Me Get What I Want (cover)Deftones
19%
29.Every You Every MePlacebo
19%
16.Figure It OutRoyal Blood
19%
87.DakotaStereophonics
19%
34.What You KnowTwo Door Cinema Club
19%
52.FireKasabian
16%
11.Seventeen Going UnderSam Fender
16%
47.Just Like HoneyThe Jesus and Mary Chain
16%
7.New SlangThe Shins
16%
72.Beautiful OnesSuede
13%
54.Don't Delete The KissesWolf Alice
13%
53.SpellboundSiouxsie and the Banshees
9%
36.Room 611Subvision
9%
70.If You WannaThe Vaccines
9%
83.Dancing With Tears in My EyesUltravox
9%
67.Take It From EveryoneDrag Talk
6%
96.My NumberFoals
6%
43.If I Had a Gun...Noel Gallagher's High Flying Birds
6%
65.Punk's DeadSOFT PLAY
6%
90.Let's Have a Satanic OrgyTwin Temple
6%
18.Mercy MeAlkaline Trio
3%
68.The DamnedCos Sylvan
3%
69.Adam WestGet Married
3%
100.TurnMCC [Magna Carta Cartel]
3%
55.Wish You Were HereNeck Deep
3%
80.American HoneySweet Gloom
3%
5.Walk Through WallsThe Atom Age
3%

Score Distribution

Percentile by Number Answered

Percent of People with Each Score

Your Score History

You have not taken this quiz